Historia contemporánea de Chile.
Salvato in:
| Autore principale: | |
|---|---|
| Altri autori: | , , |
| Natura: | Sconosciuto |
| Pubblicazione: |
Santiago, Chile:
LOM Ediciones,
2002.
|
| Edizione: | Primera edición 2002. |
| Serie: | Colección Historia
|
| Soggetti: | |
| Tags: |
Aggiungi Tag
Nessun Tag, puoi essere il primo ad aggiungerne!!
|
MARC
| LEADER | 00000 a2200000 4500 | ||
|---|---|---|---|
| 003 | CL-VaPUC | ||
| 005 | 20250505164444.0 | ||
| 008 | 230110t2002 ||||| |||| 00| 0 eng d | ||
| 999 | |c 439404 |d 439402 | ||
| 020 | |a 978-956-282-172-8 (o.c) | ||
| 020 | |a 978-956-282-500-9 (v.III) | ||
| 040 | |c Pontificia Universidad Católica de Valparaíso | ||
| 082 | |a 983 SAL 2002 | ||
| 100 | |a Salazar Vergara, Gabriel Segundo |e autor |9 621733 | ||
| 245 | |a Historia contemporánea de Chile. | ||
| 250 | |a Primera edición 2002. |b Décima reimpresión 2014 | ||
| 260 | |a Santiago, Chile: |b LOM Ediciones, |c 2002. | ||
| 300 | |a 5 volúmenes. | ||
| 490 | |a Colección Historia | ||
| 505 | |a v.III. La economía: Mercados, empresarios y trabajadores. | ||
| 583 | |k GC |c 20230110 | ||
| 651 | |a Chile |x Historia contemporánea |x Economía |y Siglo 20 |9 886216 | ||
| 700 | |a Pinto, Julio |e autor |9 886217 | ||
| 700 | |a Ross Orellana, César |9 879803 | ||
| 700 | |a Matus Gónzalez, Mario |9 771832 | ||
| 942 | |2 ddc |c BK | ||
| 952 | |0 0 |1 0 |2 ddc |4 0 |6 983_000000000000000_SAL_2002 |7 0 |8 A |9 588532 |a BIBGIM |b BIBGIM |c GEN |d 2023-01-06 |e 3 |g 11073.00 |h v.III |i 5656314 |o 983 SAL 2002 |p 5656314 |r 2025-01-15 |t 1 |v 11073.00 |w 2023-01-06 |y BK |k SSL | ||